| 000 | 00000nam##2200000za#4500 |
| 001 | 9.571741 |
| 003 | CaOODSP |
| 005 | 20210624182857 |
| 007 | cr ||||||||||| |
| 008 | 150406|2000||||xxc|||||o f|0| 0 eng|d |
| 040 | |aCaOODSP|beng |
| 043 | |an-cn--- |
| 086 | 1 |aNH18-23/62E-PDF |
| 110 | 2 |aCanada Mortgage and Housing Corporation. |
| 245 | 10|aDemographic changes and real housing prices in Canada |h[electronic resource] |
| 260 | |aOttawa - Ontario : |bCanada Mortgage and Housing Corporation |c[2000]. |
| 300 | |a4p.|breferences |
| 490 | 1 |aResearch highlight. Socio-economic series |v62 |
| 590 | |a11-22-Supp|b2011-10-13 |
| 690 | 07|aDemography|2gcpds |
| 690 | 07|aHousing|2gcpds |
| 690 | 07|aReal estate|2gcpds |
| 690 | 07|aPrices|2gcpds |
| 775 | 08|tChangements démographiques et prix réel des logements au Canada |w(CaOODSP)9.602168 |
| 776 | 0#|tDemographic changes and real housing prices in Canada |w(CaOODSP)9.615258 |
| 830 | #0|aResearch highlight. Socio-economic series ;|v62|w(CaOODSP)9.505168 |
| 856 | 40|ahttp://publications.gc.ca|qPDF|s96 KB|uhttps://publications.gc.ca/collections/Collection/NH18-23-62E.pdf|y62 |